| 000 | 00790nam a22002417a 4500 | ||
|---|---|---|---|
| 005 | 20170123162351.0 | ||
| 010 | _aA-086028 | ||
| 020 | _c70.00 | ||
| 035 | _aA-086028 | ||
| 037 | _bCen Lib/Ret | ||
| 040 |
_aDPL _bUR |
||
| 082 |
_a080 _bم ا ل |
||
| 245 |
_a/ نزرِ حمید _bمرتبہ مالک رام |
||
| 246 |
_aNazr-e- Hameed _bedited by Mali Ram |
||
| 260 |
_aنئی دہلی _bمکتبہ جامہ لمیٹڈ _c1981 |
||
| 270 |
_aمکتبہ جامعہ لمیٹڈ، جامعہ نگر _bنئی دہلی _e110025 |
||
| 300 |
_a556p. _c20cm(Hb) |
||
| 650 |
_aاردو ادب _9136645 |
||
| 650 |
_aجنرل مجموعوں _9136646 |
||
| 650 |
_aUrdu literature _9136647 |
||
| 650 |
_aGeneral collections _991165 |
||
| 942 |
_2ddc _cUR _h080 _mم ا ل |
||
| 999 |
_c109265 _d109265 |
||